| 000 | 00590nam a22001697a 4500 | ||
|---|---|---|---|
| 005 | 20170906123843.0 | ||
| 010 | _aENG-120233 | ||
| 020 |
_c1275.00 _a9789381039687 |
||
| 035 | _aEN-103765 | ||
| 037 | _bDBAD/PUB | ||
| 082 | _a635.642 | ||
| 245 |
_aThe complete book on tomato and tomato product manufacturing : _cby NPCS Board of Consultants & Engineers _bcultivation and processing / |
||
| 260 |
_aDelhi _bNIIR Project Consultancy Services _c2015 |
||
| 270 |
_bDelhi _e110007 _a106 - A, Kamla Nagar |
||
| 300 |
_a322p. _c21cm(pbk) _bill |
||
| 942 |
_2ddc _cEN _mTHE _h635.642 |
||
| 999 |
_c144092 _d144092 |
||